000 006660000a22002290004500
003 LK-CoMWRAF
005 20231027150233.0
008 230817t1991 ||||| |||| 00| 0 eng d
020 _a0803935153
040 _aLK-CoMWRAF
_dLK-CoMWRAF
_eLK-CoMWRAF
041 _aeng
082 _a362.82
_bFAM
245 _aFamily preservation services:
_bresearch and evaluation
260 _aNew Delhi:
_bSage,
_c1991
300 _a xxiii, 261 p. ; 22 cm
490 _aSage focus editions;
_v129
650 _aCHILD WELFARE-United States
650 _aFamily social work--United States.
700 _aWell,, Kathleen
_eed.
700 _aBiegel, David E.
_eed.
942 _cBK
999 _c1170
_d1170